Saltar al contenido
Inicio
Centros participantes
Catálogo
Servicios
Contacto
Prijava
English
Deutsch
Español
Français
Italiano
日本語
Nederlands
Português
Português (Brasil)
中文(简体)
中文(繁體)
Türkçe
עברית
Gaeilge
Cymraeg
Ελληνικά
Català
Euskara
Русский
Čeština
Suomi
Svenska
polski
Dansk
slovenščina
اللغة العربية
বাংলা
Galego
Tiếng Việt
Hrvatski
हिंदी
Հայերէն
Українська
Sámegiella
Jezik
Vsa polja
Naslov
Avtor
Tema
Signatura
ISBN/ISSN
Oznaka
Išči
Napredno
Notas para el estudio económic...
Citiraj
Pošljite email
Natisni
Izvozi zadetek
Izvozi v RefWorks
Izvozi v EndNoteWeb
Izvozi v EndNote
Dodaj v priljubljene
Enlace Permanente
Export Ready —
Agregar primera valuación
Notas para el estudio económico de América Latina y el Caribe, 1985: Guatemala
Shranjeno v:
Bibliografske podrobnosti
Korporativna značnica:
CEPAL
Format:
Texto
Izdano:
México D.F.:
CEPAL
Oznake:
Označite
Brez oznak, prvi označite!
Zaloga
Opis
Komentarji
Podobne knjige/članki
Knjižničarski pogled
MARC
LEADER
00000 a a2200000 04500
001
22428
003
040
090
|a
151800
110
|a
CEPAL
245
|a
Notas para el estudio económico de América Latina y el Caribe, 1985: Guatemala
260
|a
México D.F.:
|b
CEPAL
300
|a
45 p.
999
|c
6141
|d
6141
Podobne knjige/članki
El CAEM y la revolución de la fuerza armada /
od: Villanueva, Víctor
Discurso del presidente constitucional de El Salvador, ante la Asamblea General de las Naciones Unidas en su cuadragésimo primer período de sesiones
od: Duarte, José Napoleón
La Comuna de Berlín /
od: Luxemburgo, Rosa
Historia de Estados Unidos. La formación de una potencia 1600-1860
od: Degler, Carl N
La política exterior de Costa Rica ante Contadora
od: Araya Montezuma, Andrés